|
|
|
|
| LEADER |
02032nam a2200409 a 4500 |
| 001 |
30289 |
| 003 |
BD-DhAAL |
| 005 |
20230525135252.0 |
| 008 |
151213r20121996enk b 001 0 eng |
| 010 |
|
|
|a 95006515
|
| 020 |
|
|
|a 052136504X (hardback)
|
| 020 |
|
|
|a 9780521367394 Paperback
|
| 020 |
|
|
|a 0521367395 (pbk.)
|
| 040 |
|
|
|a DLC
|c DLC
|d DLC
|d BD-DhAAL
|
| 041 |
1 |
|
|a eng
|
| 050 |
0 |
0 |
|a JC233
|b .M29213 1996
|
| 082 |
0 |
0 |
|a 335.4
|2 20
|
| 100 |
1 |
|
|a Marx, Karl,
|d 1818-1883.
|9 16771
|
| 240 |
1 |
0 |
|a Works.
|k Selections.
|l English.
|d 1996
|
| 245 |
1 |
0 |
|a Marx :
|b later political writings /
|c edited and translated by Terrell Carver.
|
| 246 |
3 |
0 |
|a Later political writings
|
| 260 |
|
|
|a Cambridge ;
|a New York :
|b Cambridge University Press,
|c 1996 [11th printing 2012]
|
| 300 |
|
|
|a xxxiii, 260 p. ;
|c 23 cm.
|
| 490 |
|
0 |
|a Cambridge texts in the history of political thought
|
| 504 |
|
|
|a Includes bibliographical references (p. 227-257) and index.
|
| 505 |
0 |
|
|a Manifesto of the Communist Party (with Friedrich Engels) -- The eighteenth Brumaire of Louis Bonaparte -- 'Introduction' to the Grundrisse -- 'Preface' to a contribution to the critique of political economy -- The Civil War in France -- Critique of the Gotha programme -- Notes on Adolph Wagner.
|
| 541 |
|
|
|e 30289
|
| 650 |
|
0 |
|a State, The.
|9 16772
|
| 650 |
|
0 |
|a Communist state.
|9 10719
|
| 650 |
|
0 |
|a Political science.
|9 16773
|
| 700 |
1 |
|
|a Carver, Terrell.
|9 16774
|
| 856 |
4 |
2 |
|3 Publisher description
|u http://www.loc.gov/catdir/description/cam026/95006515.html
|
| 856 |
4 |
1 |
|3 Table of contents
|u http://www.loc.gov/catdir/toc/cam022/95006515.html
|
| 942 |
|
|
|2 ddc
|c BK
|
| 999 |
|
|
|c 36395
|d 36395
|
| 952 |
|
|
|0 0
|1 0
|2 ddc
|4 0
|6 335_400000000000000_MAR
|7 0
|9 57236
|a BRACUL
|b BRACUL
|c GEN
|d 2015-12-13
|e Karim International
|g 1781.00
|l 0
|o 335.4 MAR
|p 3010030289
|r 2015-12-13
|t 1
|w 2015-12-13
|y BK
|
| 952 |
|
|
|0 0
|1 0
|2 ddc
|4 0
|6 335_400000000000000_MAR
|7 0
|9 57237
|a BRACUL
|b BRACUL
|c GEN
|d 2015-12-13
|e Karim International
|g 1781.00
|l 1
|o 335.4 MAR
|p 3010030290
|r 2022-02-28
|s 2022-02-06
|t 2
|w 2015-12-13
|y BK
|